Carmen

Podrobná bibliografia
Hlavní autori: Meilhac, Henri, 1831-1897 (Autor), Halévy, Henri (Autor), Mérimée, Prosper, 1803-1870 (Autor)
Ďalší autori: Bizet, Georges, 1838-1875 (skl), Krásnohorská, Eliška, 1847-1926 (Prekladateľ)
Médium: Kniha
Jazyk:čeština
Fyzický popis:78 s. 8°
Vydavateľské údaje: Praha SNKLHU 1960
Vydanie:2. vyd.
Edícia:Operní libreta. Ř. 2

MARC

LEADER 00000nam a2200000 a 4500
001 vtls001333624
003 SK-MaSNL
005 20260301065937.0
008 251113s1960 xr 0 cze
035 |a SNK000286548 
040 |a SNK  |b slo  |c SNK  |e AACR2 
041 0 |a cze 
044 |a xr  |c CZ 
100 1 |a Meilhac, Henri,  |d 1831-1897  |4 aut  |9 189768 
240 1 0 |a Carmen  |l Česky 
245 1 0 |a Carmen  |c opera o 4 jednáních na text H. Meilhaca, L. Halévyho podle novely Prospera Mérimée ; [ze stejnojm. franc. orig.] přel. Eliška Krásnohorská ; [hudbu složil] Georges Bizet 
250 |a 2. vyd. 
260 |a Praha  |b SNKLHU  |c 1960 
300 |a 78 s.  |c 8° 
490 1 |a Operní libreta. Ř. 2  |v sv. 5 
700 1 |a Bizet, Georges,  |d 1838-1875  |4 skl  |9 189766 
700 1 |a Halévy, Henri  |4 aut  |9 385421 
700 1 |a Mérimée, Prosper,  |d 1803-1870  |4 aut  |9 122671 
700 1 |a Krásnohorská, Eliška,  |d 1847-1926  |4 trl  |9 189761 
830 0 |a Operní libreta. Ř. 2  |9 385422 
999 |c 632562  |d 634492 
952 |t P60, <04>, [BOOK], {604}  |a SNK  |b SNK  |y VYP  |7 0  |o snkID 25225  |0 0  |1 0  |4 0  |d 1998-06-09  |l 0  |r 2005-01-02 00:00:00  |w 2026-02-23 
952 |t P60, <04>, [BOOK], {604}  |a SNK  |b SNK  |y VYP  |7 0  |o snkID 25225 D1  |0 0  |1 0  |4 0  |d 1998-06-09  |l 0  |r 2005-01-02 00:00:00  |w 2026-02-23